Betclic 1. Liga 2025/26 - Statystyki

Ogólne statystyki
  • Ten quiz został rozwiązany 149 razy
  • Średni wynik to 13 z 18
Statystyki odpowiedzi
Drużyna % Poprawnych
Wisła Kraków
97%
Śląsk Wrocław
90%
Wieczysta Kraków
89%
Stal Mielec
83%
Polonia Warszawa
82%
Stal Rzeszów
76%
Pogoń Grodzisk Mazowiecki
75%
Polonia Bytom
73%
Puszcza Niepołomice
72%
Ruch Chorzów
72%
GKS Tychy
71%
Miedź Legnica
71%
ŁKS Łódź
70%
Pogoń Siedlce
69%
Znicz Pruszków
64%
Chrobry Głogów
63%
Odra Opole
63%
Górnik Łęczna
60%
Nie znaleziono quizów pasujących do podanych kryteriów
Rozkład punktacji
Procent ludzi z każdym wynikiem
Percentyl według liczby udzielonych odpowiedzi
Twoja historia wyników
Nie rozwiązałeś tego quizu